<?xml version="1.0" encoding="UTF-8"?>
<record
    xmlns:xsi="http://www.w3.org/2001/XMLSchema-instance"
    xsi:schemaLocation="http://www.loc.gov/MARC21/slim http://www.loc.gov/standards/marcxml/schema/MARC21slim.xsd"
    xmlns="http://www.loc.gov/MARC21/slim">

  <leader>01525nam a22002897i 4500</leader>
  <datafield tag="999" ind1=" " ind2=" ">
    <subfield code="c">23620</subfield>
    <subfield code="d">23620</subfield>
  </datafield>
  <controlfield tag="003">AR-CdUCM</controlfield>
  <controlfield tag="008">260422b20192019pe d|||| |||| 00| 0 spa d</controlfield>
  <datafield tag="020" ind1=" " ind2=" ">
    <subfield code="a">978-612-304-583-8</subfield>
  </datafield>
  <datafield tag="040" ind1=" " ind2=" ">
    <subfield code="a">MUNICIPALIDAD PROVINCIAL DEL CUSCO</subfield>
    <subfield code="c">BIBLIOTECA MUNICIPAL DEL CUSCO</subfield>
  </datafield>
  <datafield tag="082" ind1=" " ind2=" ">
    <subfield code="a">629.892</subfield>
    <subfield code="b">O64</subfield>
  </datafield>
  <datafield tag="100" ind1=" " ind2=" ">
    <subfield code="a">Orellano Benancio, Lizbardo</subfield>
  </datafield>
  <datafield tag="245" ind1=" " ind2=" ">
    <subfield code="a">Arduino :</subfield>
    <subfield code="b">Sensores, Actuadores y Robot Soccer / </subfield>
  </datafield>
  <datafield tag="260" ind1=" " ind2=" ">
    <subfield code="a">Lima, Per&#xFA; : </subfield>
    <subfield code="b">Empresa Editora Macro E.I.R.L.</subfield>
    <subfield code="c">2019</subfield>
  </datafield>
  <datafield tag="300" ind1=" " ind2=" ">
    <subfield code="a">101 p&#xE1;ginas. :</subfield>
    <subfield code="c">17,5x25 cm. </subfield>
  </datafield>
  <datafield tag="500" ind1=" " ind2=" ">
    <subfield code="z">Bibliograf&#xED;a : p&#xE1;gina 103 </subfield>
  </datafield>
  <datafield tag="505" ind1=" " ind2=" ">
    <subfield code="a">Instrumentos de medici&#xF3;n, equipos y dispositivos electr&#xF3;nicos comerciales y simulados -- Diagramas de flujos y programaci&#xF3;n de entradas digitales con Arduino -- Las entradas anal&#xF3;gicas y los sensores de temperatura -- El sensor de gas simulado -- Simulaci&#xF3;n de salidas anal&#xF3;gicas con PWM y el control de servomotores -- El sonido, el buzzer y el sensor ultras&#xF3;nico simulado -- Los perif&#xE9;ricos  y la pantalla LCD -- Dispositivos y m&#xF3;dulos de potencia con un Arduino real -- Comunicaci&#xF3;n inal&#xE1;mbrica y uso del m&#xF3;dulo Bluetooth -- Proyecto final de implementaci&#xF3;n, configuraci&#xF3;n y programaci&#xF3;n de un robot soccer</subfield>
  </datafield>
  <datafield tag="650" ind1=" " ind2=" ">
    <subfield code="a">Rob&#xF3;tica</subfield>
    <subfield code="9">52637</subfield>
  </datafield>
  <datafield tag="650" ind1=" " ind2=" ">
    <subfield code="a">Sensores </subfield>
    <subfield code="9">52645</subfield>
  </datafield>
  <datafield tag="650" ind1=" " ind2=" ">
    <subfield code="a">Actuadores </subfield>
    <subfield code="9">52646</subfield>
  </datafield>
  <datafield tag="650" ind1=" " ind2=" ">
    <subfield code="a">Generador de funciones </subfield>
    <subfield code="9">52647</subfield>
  </datafield>
  <datafield tag="650" ind1=" " ind2=" ">
    <subfield code="a">Los chips </subfield>
    <subfield code="9">52648</subfield>
  </datafield>
  <datafield tag="650" ind1=" " ind2=" ">
    <subfield code="a">La app </subfield>
    <subfield code="9">52649</subfield>
  </datafield>
  <datafield tag="856" ind1=" " ind2=" ">
    <subfield code="f">www.editorialmacro.com</subfield>
  </datafield>
  <datafield tag="942" ind1=" " ind2=" ">
    <subfield code="2">ddc</subfield>
    <subfield code="c">LIBROS</subfield>
  </datafield>
  <datafield tag="945" ind1=" " ind2=" ">
    <subfield code="a">esh</subfield>
    <subfield code="d">22-04-2026</subfield>
  </datafield>
  <datafield tag="952" ind1=" " ind2=" ">
    <subfield code="0">0</subfield>
    <subfield code="2">ddc</subfield>
    <subfield code="4">0</subfield>
    <subfield code="7">0</subfield>
    <subfield code="a">SC</subfield>
    <subfield code="b">SC</subfield>
    <subfield code="c">CART</subfield>
    <subfield code="d">2026-04-22</subfield>
    <subfield code="e">Donaci&#xF3;n</subfield>
    <subfield code="g">30.00</subfield>
    <subfield code="o">629.892 / O64</subfield>
    <subfield code="p">SC0000002472</subfield>
    <subfield code="r">2026-04-22</subfield>
    <subfield code="y">LIBROS</subfield>
  </datafield>
</record>
